00477nam a2200133Ia 4500008004100000041000800041082001100049100002200060245003000082260006300112300000900175999001700184952014200201220803s9999 xx 000 0 und d aeng a823MUJ aMujumdar S929763 aNew And New Faces Friends b"Symbiosis Centre For International Education, Pune"c2014 a230p c18620d18620 00104070aBNCAbBNCAd2015-09-16eKamalapurkar Shubhadag400.00l0o823MUJpBNCA-DB-1270r2022-08-03 00:00:00w2022-08-03yDBzDB001270